000 00490nam a2200193Ia 4500
003 OSt
005 20250510100546.0
008 210210b1982 xxu||||| |||| 00| 0 eng d
040 _cAL
041 _aKannada
082 _aK894.3 PANB
100 _aPANKAJA (A).
_dಪಂಕಜಾ (ಎ)
_9171602
245 _aBalipashu.
_b ಬಲಿಪಶು
260 _aBengalur
_bBharani Prakashana
_c1982
300 _a156
690 _aKannada Fiction
_9171603
906 _a036086
942 _2ddc
_cBK
999 _c86555
_d86555